NFL 2022-2023 Starting WR (1 Day before draft) - Statistics

General Stats
  • This quiz has been taken 830 times
  • The average score is 23 of 32
Answer Stats
Hint Answer % Correct
Vikings Jefferson
98%
Raiders Adams
91%
Ravens Brown
90%
Titans Brown
90%
Bengals Chase
87%
Bills Diggs
83%
Bucs Evans
83%
Dolphins Hill
83%
Cowboys Lamb
83%
Rams Kupp
82%
Eagles Smith
82%
Chiefs Smith
82%
49ers Samuel
81%
Chargers Allen
80%
Seahawks Metcalf
80%
Cardinals Hopkins
78%
Panthers Moore
77%
Jets Moore
77%
Browns Cooper
76%
Commanders Mclauren
76%
Saints Thomas
74%
Colts Pittman
72%
Steelers Johnson
70%
Packers Lazard
63%
Bears Mooney
62%
Jaguars Kirk
61%
Texans Cooks
55%
Falcons Ridley
53%
Giants Golladay
37%
Lions Chark
33%
Patriots Parker
31%
Broncos Judy
13%
No matching quizzes found
Score Distribution
Percent of People with Each Score
Percentile by Number Answered
Your Score History
You have not taken this quiz